[Event "IV Open de Lisboa Xeque Mate ao Verão 20"]
[Site "Avenida Gomes Pereira 17 - Lis"]
[Date "2016.09.04"]
[Round "1.1"]
[White "Acsinte, Matei-Ionut"]
[Black "Fernandes, Ricardo Paulos"]
[Result "1-0"]
[WhiteElo "2331"]
[BlackElo "1675"]
[PlyCount "71"]
[EventDate "2016.09.04"]

1. e4 e5 2. Nf3 Nc6 3. Bc4 Bc5 4. b4 Bxb4 5. c3 Be7 6. d4 d6 7. Qb3 Na5 8.
Bxf7+ Kf8 9. Qa4 Kxf7 10. Qxa5 exd4 11. cxd4 c6 12. Qc3 h6 13. e5 Be6 14. O-O
d5 15. Nfd2 Qb6 16. Qf3+ Ke8 17. Qd3 Bf8 18. Nc3 Ne7 19. Ba3 Nf5 20. Bxf8 Rxf8
21. Nb3 Qb4 22. Rfd1 b6 23. Ne2 Qe7 24. a4 Kf7 25. Nf4 Bd7 26. e6+ Bxe6 27. Re1
Kg8 28. Nxe6 Rae8 29. Re5 Rf6 30. Nc7 Qxe5 31. dxe5 Rxe5 32. Nd4 Nxd4 33. Qxd4
Re4 34. Qd3 Rf7 35. Na6 Rfe7 36. g3 1-0

[Event "IV Open de Lisboa Xeque Mate ao Verão 20"]
[Site "Avenida Gomes Pereira 17 - Lis"]
[Date "2016.09.04"]
[Round "1.2"]
[White "Fortunato, Antonio Eduardo Con"]
[Black "Padeiro, Jose Joao Tato"]
[Result "0-1"]
[WhiteElo "1638"]
[BlackElo "2312"]
[PlyCount "114"]
[EventDate "2016.09.04"]

1. e4 c6 2. d4 d5 3. e5 Bf5 4. Be3 e6 5. c3 Nd7 6. Nd2 Qb6 7. Nb3 Ne7 8. Ne2 h6
9. Nf4 Bh7 10. Be2 Nf5 11. O-O Be7 12. Nd3 Nxe3 13. fxe3 O-O 14. Nf4 c5 15. Qd2
cxd4 16. Qxd4 Qc7 17. c4 dxc4 18. Bxc4 Nxe5 19. Be2 Rfd8 20. Qa4 Qb6 21. Kf2
Bf5 22. g3 Nd3+ 23. Bxd3 Bxd3 24. Rfe1 Bf6 25. Nxd3 Rxd3 26. Re2 Rad8 27. Rc1
R3d5 28. Rcc2 a6 29. Nd2 Rf5+ 30. Kg2 Bg5 31. Nc4 Qb5 32. Qxb5 Rxb5 33. b3 Be7
34. Rcd2 Rbd5 35. Rxd5 Rxd5 36. Rd2 Rxd2+ 37. Nxd2 Kf8 38. Kf3 Bd6 39. Ne4 Ke7
40. h3 f5 41. Nd2 b5 42. g4 Bb4 43. Nf1 g6 44. Ng3 Bd6 45. Ne2 Bc5 46. Ng1 Kd6
47. Ne2 Kd5 48. Nc1 fxg4+ 49. hxg4 h5 50. gxh5 gxh5 51. Nd3 Bd6 52. Nf2 e5 53.
Ne4 Be7 54. Nf2 h4 55. Ne4 Bb4 56. Nf6+ Ke6 57. Ng8 Bf8 0-1

[Event "IV Open de Lisboa Xeque Mate ao Verão 20"]
[Site "Avenida Gomes Pereira 17 - Lis"]
[Date "2016.09.04"]
[Round "1.3"]
[White "Chifor, Ovidiu-Emanuel"]
[Black "Azevedo, Manuel Roque"]
[Result "1-0"]
[WhiteElo "2266"]
[BlackElo "1621"]
[PlyCount "51"]
[EventDate "2016.09.04"]

1. d4 e6 2. c4 d5 3. Nf3 Nf6 4. g3 c6 5. Bg2 Bb4+ 6. Bd2 Bxd2+ 7. Nbxd2 Nbd7 8.
O-O O-O 9. Qc2 Nb6 10. b3 Bd7 11. e4 dxe4 12. Ng5 g6 13. Ngxe4 Nxe4 14. Nxe4
Qe7 15. Rfe1 f5 16. Nc5 Qf7 17. Nxb7 Rab8 18. Nc5 Rfc8 19. Re5 Re8 20. Rae1 Re7
21. Qe2 Rbe8 22. d5 cxd5 23. cxd5 Nxd5 24. Bxd5 exd5 25. Rxe7 Rxe7 26. Qxe7 1-0

[Event "IV Open de Lisboa Xeque Mate ao Verão 20"]
[Site "Avenida Gomes Pereira 17 - Lis"]
[Date "2016.09.04"]
[Round "1.4"]
[White "Lages, Duarte Jorge Silva"]
[Black "Vlad-Ionut, Stegariu"]
[Result "0-1"]
[WhiteElo "1609"]
[BlackElo "2243"]
[PlyCount "80"]
[EventDate "2016.09.04"]

1. d4 e6 2. c4 b6 3. Nf3 Bb7 4. g3 Nf6 5. Bg2 Bb4+ 6. Nbd2 O-O 7. O-O Na6 8. a3
Be7 9. Qc2 c5 10. e4 Qc7 11. d5 exd5 12. cxd5 d6 13. Re1 b5 14. Nb3 Rfe8 15.
Bd2 Nd7 16. Rac1 Bf6 17. Ng5 Ne5 18. f4 Bxg5 19. fxg5 c4 20. Be3 Nd3 21. Nd4
Nxe1 22. Rxe1 Nc5 23. Nxb5 Qa5 24. Nc3 Nd3 25. Re2 Ba6 26. Bf1 Rab8 27. Nd1 Bb5
28. Bd4 Ba4 29. Qd2 Qxd2 30. Rxd2 Bxd1 31. Bxd3 cxd3 32. Rxd1 Rb3 33. Kf2 Rxe4
34. Bc3 Re2+ 35. Kg1 h5 36. gxh6 gxh6 37. Rxd3 Rexb2 38. Re3 Rc2 39. Re8+ Kh7
40. Bb4 Rb1+ 0-1

[Event "IV Open de Lisboa Xeque Mate ao Verão 20"]
[Site "Avenida Gomes Pereira 17 - Lis"]
[Date "2016.09.04"]
[Round "1.5"]
[White "Santos, Antonio Pereira"]
[Black "Santos, Isabel Maria C Perei"]
[Result "1-0"]
[WhiteElo "2241"]
[BlackElo "1599"]
[PlyCount "42"]
[EventDate "2016.09.04"]

1. g3 d5 2. Bg2 e5 3. d3 Nf6 4. Nf3 Nbd7 5. O-O Be7 6. Nbd2 O-O 7. e4 c5 8.
exd5 Nxd5 9. Re1 Bf6 10. Nc4 Re8 11. c3 N5b6 12. Nd6 Re6 13. Ne4 Qc7 14. a4 c4
15. a5 Nd5 16. dxc4 Qxc4 17. Ra4 Qc6 18. Nfg5 Bxg5 19. Nxg5 Rd6 20. Qh5 N7f6
21. Qxf7+ Kh8 1-0

[Event "IV Open de Lisboa Xeque Mate ao Verão 20"]
[Site "Avenida Gomes Pereira 17 - Lis"]
[Date "2016.09.04"]
[Round "1.6"]
[White "Antunes, Ricardo Miguel Maiss"]
[Black "Carneiro, Carlos Alberto Carva"]
[Result "0-1"]
[WhiteElo "1580"]
[BlackElo "2189"]
[PlyCount "86"]
[EventDate "2016.09.04"]

1. e4 g6 2. d4 d6 3. Nf3 Bg7 4. Be2 Nd7 5. O-O e5 6. d5 Ngf6 7. Nc3 Nc5 8. Re1
O-O 9. Bc4 a5 10. Bg5 h6 11. Bh4 g5 12. Bg3 Bg4 13. h3 Bh5 14. a3 Kh8 15. Qe2
Bg6 16. Nd2 Nh5 17. b4 Nd7 18. Bh2 Nf4 19. Qe3 Qe7 20. Rab1 axb4 21. axb4 Rg8
22. Ra1 h5 23. Rxa8 Rxa8 24. Nb3 b6 25. Ra1 Rxa1+ 26. Nxa1 Nf6 27. f3 Bh6 28.
Bxf4 exf4 29. Qe1 g4 30. hxg4 hxg4 31. Qh4 Kg7 32. Nb3 Qe5 33. Qe1 Qh5 34. Kf2
gxf3 35. gxf3 Qh2+ 36. Kf1 Nh5 37. Qf2 Qh1+ 38. Ke2 Bg5 39. Kd2 Ng3 40. Ne2
Nf1+ 41. Kc3 Ne3 42. Ng1 Bh4 43. Qd2 Qxg1 0-1

[Event "IV Open de Lisboa Xeque Mate ao Verão 20"]
[Site "Avenida Gomes Pereira 17 - Lis"]
[Date "2016.09.04"]
[Round "1.7"]
[White "Pires, Emanuel Joao Robarts"]
[Black "Mesquita, Rui Duarte Jorge Lob"]
[Result "1-0"]
[WhiteElo "2081"]
[BlackElo "1501"]
[PlyCount "41"]
[EventDate "2016.09.04"]

1. e4 e5 2. Bc4 Bc5 3. Nf3 Nc6 4. b4 Bxb4 5. c3 Be7 6. O-O d6 7. d4 Bg4 8. Qb3
Bh5 9. Qxb7 Na5 10. Bb5+ Kf8 11. Qa6 c6 12. Bxc6 Nxc6 13. Qxc6 Bxf3 14. gxf3 h5
15. Rd1 Rc8 16. Qa6 exd4 17. cxd4 Rc7 18. Bd2 Rd7 19. Ba5 Qb8 20. Rc1 Nf6 21.
Rc8+ 1-0

[Event "IV Open de Lisboa Xeque Mate ao Verão 20"]
[Site "Avenida Gomes Pereira 17 - Lis"]
[Date "2016.09.04"]
[Round "1.8"]
[White "Machado, Tomas Dias"]
[Black "Dias, Ricardo Pedro Cruz"]
[Result "0-1"]
[WhiteElo "1469"]
[BlackElo "2069"]
[PlyCount "36"]
[EventDate "2016.09.04"]

1. e4 e5 2. Nf3 Nc6 3. d4 exd4 4. Nxd4 Nf6 5. Nxc6 bxc6 6. e5 Qe7 7. Qe2 Nd5 8.
c4 Ba6 9. b3 g6 10. Bd2 Bg7 11. f4 d6 12. Qf3 dxe5 13. cxd5 e4 14. Qe3 Bxa1 15.
Bxa6 cxd5 16. Bc3 Bxc3+ 17. Nxc3 O-O 18. Bb7 Rad8 0-1

[Event "IV Open de Lisboa Xeque Mate ao Verão 20"]
[Site "Avenida Gomes Pereira 17 - Lis"]
[Date "2016.09.04"]
[Round "1.12"]
[White "Bartolo, Filipe Diogo Correia"]
[Black "Morais, Vitor Mestre"]
[Result "1/2-1/2"]
[WhiteElo "1342"]
[BlackElo "1889"]
[PlyCount "73"]
[EventDate "2016.09.04"]

1. e4 c5 2. Nf3 b6 3. Bc4 e6 4. Qe2 Bb7 5. O-O a6 6. a4 Ne7 7. c3 d5 8. exd5
Nxd5 9. d4 Be7 10. dxc5 bxc5 11. Na3 O-O 12. Rb1 Nd7 13. Bd3 Qc7 14. Nc2 Nf4
15. Bxf4 Qxf4 16. Rbd1 Rfd8 17. Bc4 Bxf3 18. Qxf3 Qxf3 19. gxf3 Nb6 20. Bb3 c4
21. Rxd8+ Rxd8 22. Ba2 Rd2 23. a5 Nd5 24. Nd4 Rxb2 25. Bxc4 Bc5 26. Bxd5 exd5
27. Re1 g6 28. Re8+ Kg7 29. Ra8 Bxd4 30. cxd4 Rd2 31. Rxa6 Rxd4 32. Rd6 h5 33.
a6 h4 34. Kg2 Rd3 35. h3 Ra3 36. Rxd5 Rxa6 37. Rd4 1/2-1/2

[Event "IV Open de Lisboa Xeque Mate ao Verão 20"]
[Site "Avenida Gomes Pereira 17 - Lis"]
[Date "2016.09.04"]
[Round "1.13"]
[White "Tieres, Cristiano R Silva Lo"]
[Black "Ferreira, Miguel Limao"]
[Result "1-0"]
[WhiteElo "1860"]
[BlackElo "1335"]
[PlyCount "81"]
[EventDate "2016.09.04"]

1. d4 Nf6 2. c4 g6 3. Nc3 Bg7 4. e4 d6 5. Nf3 O-O 6. h3 c5 7. d5 Re8 8. Bd3 e6
9. O-O exd5 10. exd5 Nbd7 11. Bg5 Qb6 12. Qd2 Ne5 13. Nxe5 Rxe5 14. Bf4 Re8 15.
Rae1 Bd7 16. Bg5 Rxe1 17. Rxe1 Re8 18. Rxe8+ Bxe8 19. Qe2 Qd8 20. Ne4 Kf8 21.
Qf3 Qa5 22. Bxf6 Bxf6 23. Nxf6 Qe1+ 24. Bf1 b5 25. Qe2 Qxe2 26. Bxe2 bxc4 27.
Nxe8 Kxe8 28. Bxc4 Ke7 29. Kf1 Kf6 30. Ke2 Kf5 31. Ke3 Ke5 32. f4+ Kf6 33. g4
g5 34. Kf3 h6 35. Kg3 Kg6 36. Bd3+ Kf6 37. h4 a5 38. fxg5+ hxg5 39. h5 Kg7 40.
Kf3 f6 41. Ke3 1-0

[Event "IV Open de Lisboa Xeque Mate ao Verão 20"]
[Site "Avenida Gomes Pereira 17 - Lis"]
[Date "2016.09.04"]
[Round "1.14"]
[White "Guia, Artur Solovyov Eloy "]
[Black "Martins, Bruno Andre Leite"]
[Result "0-1"]
[WhiteElo "1332"]
[BlackElo "1848"]
[PlyCount "106"]
[EventDate "2016.09.04"]

1. e4 e6 2. d4 d5 3. Nd2 Nf6 4. e5 Nfd7 5. Bd3 c5 6. c3 b6 7. Ne2 Ba6 8. Bxa6
Nxa6 9. f4 g6 10. O-O Nc7 11. Nf3 c4 12. Be3 b5 13. a3 a5 14. Re1 Nb6 15. Qc2
Be7 16. Qd2 Qd7 17. Qc2 Qc6 18. Rf1 b4 19. axb4 axb4 20. Rxa8+ Qxa8 21. cxb4
Bxb4 22. b3 O-O 23. bxc4 dxc4 24. Nd2 Ncd5 25. Bf2 c3 26. Ne4 Nc4 27. Rc1 Rc8
28. N4xc3 Bxc3 29. Nxc3 Nxf4 30. Qe4 Qxe4 31. Nxe4 Ne2+ 32. Kf1 Nxc1 33. Nf6+
Kg7 34. Bg3 Ne3+ 35. Kf2 Nf5 36. Bf4 Nd3+ 37. Kf3 Nxd4+ 38. Ke4 Nxf4 39. Kxf4
Nc6 40. g4 h6 41. Nd7 Ne7 42. Nf6 Nd5+ 43. Nxd5 exd5 44. e6 fxe6 45. g5 hxg5+
46. Ke5 Kf7 47. h3 Rd8 48. h4 d4 49. h5 gxh5 50. Ke4 d3 51. Ke5 d2 52. Ke4 d1=Q
53. Ke5 Qe1# 0-1

[Event "IV Open de Lisboa Xeque Mate ao Verão 20"]
[Site "Avenida Gomes Pereira 17 - Lis"]
[Date "2016.09.04"]
[Round "1.15"]
[White "Aguiar, Carlos Alberto Branc"]
[Black "Bartolo, Diogo"]
[Result "1-0"]
[WhiteElo "1829"]
[BlackElo "1326"]
[PlyCount "55"]
[EventDate "2016.09.04"]

1. d4 c5 2. d5 d6 3. a4 Nf6 4. c4 e6 5. dxe6 Bxe6 6. e3 d5 7. b3 Ng4 8. Bb2 Qh4
9. g3 Qg5 10. Bg2 Nxe3 11. fxe3 Qxe3+ 12. Qe2 Qxb3 13. cxd5 Na6 14. dxe6 fxe6
15. Qb5+ Qxb5 16. axb5 Nb4 17. Ke2 Rb8 18. Rxa7 b6 19. Bc6+ Nxc6 20. bxc6 Rc8
21. Bxg7 Bxg7 22. Rxg7 Rxc6 23. Nc3 c4 24. Nf3 Rc5 25. Ra1 Ra5 26. Rxa5 bxa5
27. Ra7 h6 28. Ra8+ 1-0

[Event "IV Open de Lisboa Xeque Mate ao Verão 20"]
[Site "Avenida Gomes Pereira 17 - Lis"]
[Date "2016.09.04"]
[Round "1.18"]
[White "Antunes, Ana Maissa"]
[Black "Alves, Luis Miguel Guerreir"]
[Result "0-1"]
[WhiteElo "1099"]
[BlackElo "1691"]
[PlyCount "96"]
[EventDate "2016.09.04"]

1. e4 c5 2. Nf3 Nc6 3. d4 cxd4 4. Nxd4 Nf6 5. Nc3 a6 6. Bg5 Qb6 7. Nb3 Ne5 8.
Nd5 Nxd5 9. Qxd5 d6 10. h3 h6 11. Be3 Qc7 12. c3 Be6 13. Qd4 Bc4 14. f4 Bxf1
15. Rxf1 Nc6 16. Qd3 e5 17. f5 Be7 18. g4 Rc8 19. Kf2 Bh4+ 20. Kg1 b5 21. Rac1
Bg5 22. Bxg5 hxg5 23. Kh2 f6 24. Rc2 Nb4 25. Qe2 Nxc2 26. Qxc2 b4 27. Rf3 a5
28. Qd3 bxc3 29. bxc3 a4 30. Qb5+ Qd7 31. Qxd7+ Kxd7 32. Na5 Rc7 33. Rd3 Ra8
34. Nb3 axb3 35. axb3 Ra3 36. c4 Rxc4 37. bxc4 Rxd3 38. Kg2 Kc6 39. Kh2 Kc5 40.
Kg2 Kxc4 41. Kh2 Kd4 42. h4 gxh4 43. Kg2 Kxe4 44. Kh2 Kf4 45. Kg2 h3+ 46. Kh2
Kxg4 47. Kh1 Kg3 48. Kg1 Rd1# 0-1

[Event "IV Open de Lisboa Xeque Mate ao Verão 20"]
[Site "Avenida Gomes Pereira 17 - Lis"]
[Date "2016.09.04"]
[Round "2.1"]
[White "Leao, Tiago Miguel Da Silv"]
[Black "Acsinte, Matei-Ionut"]
[Result "0-1"]
[WhiteElo "2041"]
[BlackElo "2331"]
[PlyCount "58"]
[EventDate "2016.09.04"]

1. e4 c5 2. Nf3 a6 3. c3 e6 4. d4 d5 5. exd5 exd5 6. h3 c4 7. b3 cxb3 8. axb3
Nf6 9. Bd3 Be7 10. O-O O-O 11. Re1 h6 12. Ba3 Bxa3 13. Nxa3 Be6 14. c4 Nc6 15.
Nc2 Rc8 16. Qd2 Kh8 17. c5 Ne4 18. Qe3 f5 19. b4 Bg8 20. b5 f4 21. Qc1 axb5 22.
Bxb5 Bh7 23. Bxc6 bxc6 24. Nb4 Ng5 25. Ne5 f3 26. Nxf3 Rxf3 27. gxf3 Nxh3+ 28.
Kg2 Qh4 29. Rh1 Qxf2+ 0-1

[Event "IV Open de Lisboa Xeque Mate ao Verão 20"]
[Site "Avenida Gomes Pereira 17 - Lis"]
[Date "2016.09.04"]
[Round "2.2"]
[White "Padeiro, Jose Joao Tato"]
[Black "Fernandes, Tiago Saraiva"]
[Result "1-0"]
[WhiteElo "2312"]
[BlackElo "1929"]
[PlyCount "71"]
[EventDate "2016.09.04"]

1. d4 c5 2. d5 Nf6 3. Nc3 g6 4. e4 d6 5. h3 Bg7 6. Bf4 O-O 7. Nf3 Na6 8. Be2
Nc7 9. a4 a6 10. O-O Rb8 11. a5 b5 12. axb6 Rxb6 13. Bc1 Nb5 14. Na4 Rb8 15.
Nd2 Nd7 16. c3 e5 17. dxe6 fxe6 18. Nc4 Ne5 19. Nxe5 Bxe5 20. Bh6 Bg7 21. Bxg7
Kxg7 22. e5 Qc7 23. exd6 Nxd6 24. Qd2 Nf5 25. Rfd1 h6 26. b4 cxb4 27. cxb4 Qa7
28. Nc5 Qb6 29. Qc3+ Kg8 30. Rab1 Qc6 31. Bf3 Qb5 32. Ne4 Ne7 33. Nf6+ Kf7 34.
Ng4 Nf5 35. Qf6+ Kg8 36. Qxg6+ 1-0

[Event "IV Open de Lisboa Xeque Mate ao Verão 20"]
[Site "Avenida Gomes Pereira 17 - Lis"]
[Date "2016.09.04"]
[Round "2.3"]
[White "Martins, Bruno Andre Leite"]
[Black "Chifor, Ovidiu-Emanuel"]
[Result "1/2-1/2"]
[WhiteElo "1848"]
[BlackElo "2266"]
[PlyCount "54"]
[EventDate "2016.09.04"]

1. e4 e5 2. Nf3 Nc6 3. Bb5 a6 4. Ba4 Nf6 5. O-O b5 6. Bb3 Be7 7. d3 d6 8. a4 b4
9. a5 O-O 10. Nbd2 Be6 11. Nc4 h6 12. h3 Rb8 13. Re1 Re8 14. c3 Nh7 15. d4 exd4
16. cxd4 Na7 17. d5 Bd7 18. e5 dxe5 19. Ncxe5 Bd6 20. Nc4 Rxe1+ 21. Qxe1 Nb5
22. Nxd6 Nxd6 23. Bd2 Qf6 24. Qe5 Qg6 25. Qg3 Qxg3 26. fxg3 Nf6 27. Rc1 Rb7
1/2-1/2

[Event "IV Open de Lisboa Xeque Mate ao Verão 20"]
[Site "Avenida Gomes Pereira 17 - Lis"]
[Date "2016.09.04"]
[Round "2.4"]
[White "Vlad-Ionut, Stegariu"]
[Black "Tieres, Cristiano R Silva Lo"]
[Result "1-0"]
[WhiteElo "2243"]
[BlackElo "1860"]
[PlyCount "65"]
[EventDate "2016.09.04"]

1. d4 Nf6 2. c4 g6 3. Nc3 Bg7 4. e4 d6 5. f4 O-O 6. Nf3 c5 7. d5 e6 8. Be2 exd5
9. exd5 Re8 10. O-O Ne4 11. Nxe4 Rxe4 12. Bd3 Re8 13. f5 Nd7 14. Bg5 f6 15. Bf4
Ne5 16. fxg6 Nxg6 17. Bg3 Bg4 18. Qc2 Qd7 19. Nh4 Nf8 20. Nf5 Bxf5 21. Bxf5 Qc7
22. Rf4 Re3 23. Rh4 Rae8 24. Bxh7+ Kf7 25. Rf1 Qe7 26. Qf5 Nxh7 27. Rxh7 Re2
28. Bh4 Qe3+ 29. Kh1 Re7 30. Bxf6 Kg8 31. Bxe7 Qxe7 32. Rh3 Rxb2 33. Qh7# 1-0

[Event "IV Open de Lisboa Xeque Mate ao Verão 20"]
[Site "Avenida Gomes Pereira 17 - Lis"]
[Date "2016.09.04"]
[Round "2.5"]
[White "Alves, Luis Miguel Guerreir"]
[Black "Santos, Antonio Pereira"]
[Result "0-1"]
[WhiteElo "1691"]
[BlackElo "2241"]
[PlyCount "84"]
[EventDate "2016.09.04"]

1. c4 e5 2. Nc3 d6 3. g3 f5 4. Bg2 g6 5. d3 Bg7 6. Rb1 a5 7. b4 axb4 8. Rxb4 c6
9. Ra4 Na6 10. e4 Nf6 11. Bg5 O-O 12. Nge2 h6 13. Bxf6 Qxf6 14. O-O f4 15. f3
h5 16. Qb1 Kh7 17. Ra3 Bh6 18. Nd1 Rf7 19. Qb6 Be6 20. Qf2 g5 21. gxf4 gxf4 22.
Kh1 Rg8 23. Rg1 Bg5 24. Qf1 Rfg7 25. Bh3 Kh6 26. Bxe6 Qxe6 27. Rc3 Bd8 28. Rxg7
Rxg7 29. Nf2 Bb6 30. Nh3 Be3 31. Nf2 Nc5 32. Ra3 Qg6 33. Nh3 d5 34. Nf2 dxc4
35. dxc4 Qe6 36. Rc3 Qd7 37. Nd1 Bd2 38. Ra3 Rg8 39. Nec3 Qd4 40. Nb1 Bb4 41.
Ra7 Nxe4 42. Rxb7 Qxd1 0-1

[Event "IV Open de Lisboa Xeque Mate ao Verão 20"]
[Site "Avenida Gomes Pereira 17 - Lis"]
[Date "2016.09.04"]
[Round "2.6"]
[White "Carneiro, Carlos Alberto Carva"]
[Black "Antunes, Andre Rafael Maissa"]
[Result "1-0"]
[WhiteElo "2189"]
[BlackElo "1233"]
[PlyCount "77"]
[EventDate "2016.09.04"]

1. d4 c5 2. d5 d6 3. c4 Nf6 4. Nc3 g6 5. e4 Bg7 6. f4 O-O 7. Be2 e6 8. Nf3 exd5
9. cxd5 Qb6 10. Nd2 Nbd7 11. Nc4 Qd8 12. Nxd6 Nb6 13. e5 Ne8 14. Nde4 Nc7 15.
d6 Ne6 16. Be3 Nd7 17. O-O a6 18. Bc4 Qa5 19. Bxe6 fxe6 20. Qg4 Re8 21. Ng5 Nb6
22. Nce4 Na4 23. Nf6+ Bxf6 24. exf6 Rf8 25. Qh4 h5 26. f5 exf5 27. Qc4+ Kh8 28.
Nf7+ Kh7 29. Qf4 Kg8 30. Qh6 Kxf7 31. Qg7+ Ke6 32. Qxf8 Nxb2 33. Qe8+ Kd5 34.
d7 Qc7 35. d8=Q+ Qd6 36. Qxd6+ Kxd6 37. Rfd1+ Nxd1 38. Rxd1+ Kc7 39. Bxc5 1-0

[Event "IV Open de Lisboa Xeque Mate ao Verão 20"]
[Site "Avenida Gomes Pereira 17 - Lis"]
[Date "2016.09.04"]
[Round "2.7"]
[White "Soares, Manuel A A L Brandao"]
[Black "Pires, Emanuel Joao Robarts"]
[Result "0-1"]
[WhiteElo "1198"]
[BlackElo "2081"]
[PlyCount "42"]
[EventDate "2016.09.04"]

1. e4 e6 2. d4 d5 3. e5 c5 4. c3 Nc6 5. Nf3 Bd7 6. Be2 Nge7 7. O-O cxd4 8. cxd4
Nf5 9. Be3 Be7 10. Qd2 O-O 11. Nc3 f6 12. Rac1 Be8 13. Bd3 fxe5 14. Bxf5 Rxf5
15. dxe5 Rxf3 16. gxf3 Nxe5 17. Qe2 Bh5 18. Bb6 Qd6 19. Bc5 Qb8 20. Rfe1 Nxf3+
21. Kf1 Nxh2+ 0-1

[Event "IV Open de Lisboa Xeque Mate ao Verão 20"]
[Site "Avenida Gomes Pereira 17 - Lis"]
[Date "2016.09.04"]
[Round "2.8"]
[White "Dias, Ricardo Pedro Cruz"]
[Black "Pitta, Afonso Gameiro Tosto"]
[Result "1-0"]
[WhiteElo "2069"]
[BlackElo "1047"]
[PlyCount "35"]
[EventDate "2016.09.04"]

1. e4 e5 2. Nf3 Nc6 3. Bb5 a6 4. Ba4 Nf6 5. O-O Bc5 6. c3 O-O 7. d4 exd4 8.
cxd4 Ba7 9. Nc3 Re8 10. e5 Ng4 11. h3 Nh6 12. Bxh6 gxh6 13. Nd5 d6 14. Nf6+ Kh8
15. Qd3 Kg7 16. Qxh7+ Kf8 17. Nd5 dxe5 18. Qh8# 1-0

[Event "IV Open de Lisboa Xeque Mate ao Verão 20"]
[Site "Avenida Gomes Pereira 17 - Lis"]
[Date "2016.09.04"]
[Round "2.9"]
[White "Morais, Vitor Mestre"]
[Black "Aguiar, Carlos Alberto Branc"]
[Result "1/2-1/2"]
[WhiteElo "1889"]
[BlackElo "1829"]
[PlyCount "20"]
[EventDate "2016.09.04"]

1. d4 d5 2. c4 c6 3. Nf3 Nf6 4. e3 e6 5. Bd3 Be7 6. O-O O-O 7. b3 h6 8. Bb2
Nbd7 9. Nbd2 a6 10. Ne5 Nxe5 1/2-1/2

[Event "IV Open de Lisboa Xeque Mate ao Verão 20"]
[Site "Avenida Gomes Pereira 17 - Lis"]
[Date "2016.09.04"]
[Round "2.10"]
[White "Rocha, Paulo Alexandre Oliv"]
[Black "Bartolo, Filipe Diogo Correia"]
[Result "1/2-1/2"]
[WhiteElo "1377"]
[BlackElo "1342"]
[PlyCount "30"]
[EventDate "2016.09.04"]

1. e4 e5 2. Nf3 Nf6 3. Nxe5 Nc6 4. Nxc6 dxc6 5. d3 Bc5 6. Be3 Bxe3 7. fxe3 Ng4
8. Qf3 Qg5 9. Qf4 Qc5 10. Kd2 Qb4+ 11. Nc3 Qxb2 12. Be2 h5 13. Rab1 Qa3 14.
Bxg4 hxg4 15. Qe5+ Kf8 1/2-1/2

[Event "IV Open de Lisboa Xeque Mate ao Verão 20"]
[Site "Avenida Gomes Pereira 17 - Lis"]
[Date "2016.09.04"]
[Round "2.13"]
[White "Mesquita, Rui Duarte Jorge Lob"]
[Black "Fortunato, Antonio Eduardo Con"]
[Result "0-1"]
[WhiteElo "1501"]
[BlackElo "1638"]
[PlyCount "80"]
[EventDate "2016.09.04"]

1. d4 Nf6 2. c4 g6 3. Nc3 Bg7 4. e4 d6 5. Be2 O-O 6. Nf3 c6 7. O-O Nbd7 8. Bf4
c5 9. d5 Nh5 10. Bd2 Nb6 11. Qc2 Bg4 12. Ne1 Bxe2 13. Nxe2 e5 14. Nf3 Nd7 15.
Bg5 Qc7 16. Rab1 f5 17. exf5 Rxf5 18. Qd2 Rf7 19. Bh4 h6 20. Ng3 Ndf6 21. Bxf6
Nxf6 22. Nh4 g5 23. Nhf5 Qd7 24. Nxg7 Kxg7 25. f3 Rg8 26. Qd3 Nh7 27. Rf2 Kf8
28. Rbf1 Rf4 29. Ne2 Rf7 30. g3 Ke8 31. Kh1 Kd8 32. f4 gxf4 33. gxf4 exf4 34.
Nxf4 Kc8 35. Ne6 Rxf2 36. Rxf2 Ng5 37. Qg3 Qh7 38. Rg2 Qb1+ 39. Rg1 Qe4+ 40.
Qg2 Nh3 0-1

[Event "IV Open de Lisboa Xeque Mate ao Verão 20"]
[Site "Avenida Gomes Pereira 17 - Lis"]
[Date "2016.09.04"]
[Round "2.14"]
[White "Azevedo, Manuel Roque"]
[Black "Guia, Artur Solovyov Eloy "]
[Result "1-0"]
[WhiteElo "1621"]
[BlackElo "1332"]
[PlyCount "113"]
[EventDate "2016.09.04"]

1. d4 d5 2. Nf3 Nf6 3. c4 e6 4. Nc3 Be7 5. Bg5 O-O 6. e3 Nbd7 7. Bd3 h6 8. Bh4
b6 9. cxd5 exd5 10. O-O Bb7 11. Rc1 Rc8 12. Qa4 a5 13. Bf5 c6 14. Ne5 b5 15.
Qd1 Rc7 16. Nxd7 Nxd7 17. Bxe7 Qxe7 18. Nxd5 Qg5 19. Qg4 Qxg4 20. Bxg4 f5 21.
Bf3 Rcc8 22. Ne7+ Kh7 23. Nxc8 Rxc8 24. Rc2 Nb8 25. Rfc1 Rd8 26. g3 g5 27. Be2
Kg6 28. h3 h5 29. Bd3 Kf6 30. Rc5 Bc8 31. Bxb5 Be6 32. Bc4 Bxc4 33. R1xc4 Nd7
34. Rxc6+ Ke7 35. Rc7 Kd6 36. Rc8 Rxc8 37. Rxc8 Nb6 38. Rc5 a4 39. Rxf5 g4 40.
Rf6+ Kc7 41. Rxb6 Kxb6 42. hxg4 hxg4 43. e4 Kc6 44. Kf1 Kd6 45. Ke2 Ke6 46. b3
axb3 47. axb3 Kd6 48. Ke3 Ke6 49. Kf4 Kf6 50. Kxg4 Ke6 51. b4 Kd6 52. b5 Kc7
53. e5 Kd7 54. d5 Ke8 55. b6 Kd8 56. b7 Ke8 57. b8=Q+ 1-0

[Event "IV Open de Lisboa Xeque Mate ao Verão 20"]
[Site "Avenida Gomes Pereira 17 - Lis"]
[Date "2016.09.04"]
[Round "2.16"]
[White "Santos, Isabel Maria C Perei"]
[Black "Antunes, Ana Maissa"]
[Result "1-0"]
[WhiteElo "1599"]
[BlackElo "1099"]
[PlyCount "93"]
[EventDate "2016.09.04"]

1. d4 d5 2. Nf3 Nc6 3. c4 e6 4. Nc3 Bb4 5. Qc2 h6 6. e3 Nf6 7. Bd3 O-O 8. O-O
Re8 9. Rd1 e5 10. cxd5 Nxd5 11. Nxd5 Qxd5 12. dxe5 Kh8 13. a3 Ba5 14. b4 Bb6
15. Bc4 Bf5 16. Bxd5 Bxc2 17. Bxc6 Bxd1 18. Bxe8 Rxe8 19. Bb2 Rd8 20. Nd4 Bg4
21. h3 Bh5 22. g4 Bg6 23. Rc1 Rd7 24. Kg2 Be4+ 25. Kg3 Kh7 26. Kf4 Bd3 27. h4
Re7 28. Nf5 Rd7 29. Nxg7 Bg6 30. Bc3 Rd3 31. Nf5 c5 32. Nd6 a6 33. h5 cxb4 34.
hxg6+ Kxg6 35. axb4 Bd8 36. Nxb7 Bg5+ 37. Ke4 Rd7 38. Nc5 Ra7 39. Ra1 Kg7 40.
Rxa6 Rb7 41. Nxb7 f6 42. exf6+ Kf7 43. Kf5 Bh4 44. Nc5 Bxf2 45. Ra7+ Kf8 46. f7
Bxe3 47. Ne6# 1-0

[Event "IV Open de Lisboa Xeque Mate ao Verão 20"]
[Site "Avenida Gomes Pereira 17 - Lis"]
[Date "2016.09.04"]
[Round "2.17"]
[White "Ferreira, Miguel Limao"]
[Black "Antunes, Ricardo Miguel Maiss"]
[Result "0-1"]
[WhiteElo "1335"]
[BlackElo "1580"]
[PlyCount "90"]
[EventDate "2016.09.04"]

1. e4 c5 2. Nf3 Nc6 3. d4 cxd4 4. Nxd4 g6 5. Be3 Bg7 6. Nc3 Nf6 7. f3 Qa5 8.
Qd2 O-O 9. Rd1 d6 10. Bc4 Bd7 11. O-O Ne5 12. Bb3 Rfc8 13. Nd5 Qxd2 14. Nxf6+
Bxf6 15. Rxd2 Nc4 16. Bxc4 Rxc4 17. b3 Rc3 18. Re1 Rac8 19. Ree2 b5 20. Bf2 b4
21. f4 Bg4 22. Nf3 Bxf3 23. gxf3 Rxf3 24. e5 dxe5 25. fxe5 Bg5 26. Rd7 a5 27.
Ra7 Rfc3 28. Rxa5 Rxc2 29. Rxc2 Rxc2 30. e6 f5 31. Bc5 Re2 32. Bxb4 Rxe6 33.
Rb5 Ra6 34. a4 Kf7 35. a5 Bf6 36. Rb7 Ke8 37. Bd2 Bd4+ 38. Kg2 Ra7 39. Rxa7
Bxa7 40. Kf3 e5 41. b4 Kd7 42. Be3 Bxe3 43. Kxe3 Kc6 44. a6 Kb6 45. b5 g5 0-1

[Event "IV Open de Lisboa Xeque Mate ao Verão 20"]
[Site "Avenida Gomes Pereira 17 - Lis"]
[Date "2016.09.05"]
[Round "3.1"]
[White "Acsinte, Matei-Ionut"]
[Black "Carneiro, Carlos Alberto Carva"]
[Result "1/2-1/2"]
[WhiteElo "2331"]
[BlackElo "2189"]
[PlyCount "25"]
[EventDate "2016.09.04"]

1. e4 c5 2. Nf3 g6 3. d4 cxd4 4. Nxd4 Bg7 5. Nc3 Nc6 6. Be3 Nf6 7. Nxc6 bxc6 8.
e5 Nd5 9. Nxd5 cxd5 10. Qxd5 Rb8 11. O-O-O O-O 12. f4 d6 13. Bc4 1/2-1/2